000 00592nam a2200193 4500
999 _c10697
_d10697
008 180917b ||||| |||| 00| 0 eng d
020 _a978-1-138-92995-1
082 _22017
_aDC 333.332
_bB628
100 _aBlackledge, Michael
_931215
245 _aIntroducing property valuation/
_cMichael Blackledge.
250 _aSecond Edition
260 _aLondon:
_bRoutledge;
_c©2017.
300 _axiv, 482 pages:
_billustrations;
_c24 cm.
500 _aIncludes index.
650 _aValuation
_931216
650 _aReal property
_xValuation
_931217
365 _b5,275.00
_cPhp
942 _2ddc
_cDC